[Event "CalChess-ch"]
[Site "Monterey Park"]
[Date "2002.04.07"]
[Round "6"]
[White "Chow, Nathaniel"]
[Black "Tsui, Brian"]
[Result "0-1"]
[WhiteElo "1022"]
[BlackElo "1116"]
[PlyCount "92"]
[EventDate "2002.??.??"]
[EventType "swiss"]
[EventRounds "6"]
[EventCountry "USA"]
[SourceTitle "EXT 2007"]
[Source "ChessBase"]
[SourceDate "2006.11.23"]
[SourceVersion "1"]
[SourceVersionDate "2006.11.23"]
[SourceQuality "1"]

1. e4 e5 2. Nf3 d5 3. Nc3 Nf6 4. d3 Bd6 5. exd5 0-0 6. Bg5 Re8 7. Be2 h6 8. Bh4 c6 9. 0-0 cxd5 10. Nxd5 Be7 11. c4 Nxd5 12. cxd5 Bxh4 13. Nxh4 Qxh4 14. Bh5 Qg5 15. Qf3 Re7 16. d6 Rd7 17. Rac1 Nc6 18. Rc4 Nd4 19. Qh3 Rd8 20. Qe3 Qxh5 21. Rc5 Rxd6 22. Rxe5 Qg6 23. Re4 Ne6 24. Rd1 Bd7 25. Rh4 Bc6 26. Qh3 Ng5 27. Qg3 Rad8 28. d4 Ne4 29. Qxg6 fxg6 30. h3 Rxd4 31. Re1 Rd1 32. Rxd1 Rxd1+ 33. Kh2 Rd2 34. a4 Rxf2 35. Rg4 Kh7 36. b4 b6 37. b5 Bb7 38. Rh4 Ra2 39. Rf4 Rxa4 40. h4 Rb4 41. Rf7 Nd6 42. Rd7 Rxh4+ 43. Kg1 Rd4 44. Kf2 a6 45. bxa6 Ne4+ 46. Ke3 Rxd7 0-1